All GTA's major cities - Statistics

General Stats
  • This quiz has been taken 48 times
  • The average score is 9 of 13
Answer Stats
Hint Answer % Correct
SA Los Santos
98%
5 Los Santos
98%
1 Vice city
91%
VC Vice city
91%
6 Vice city
91%
1 Liberty city
84%
3 Liberty city
84%
4 Liberty city
84%
SA Las Venturas
75%
SA San fierro
75%
2 Anywhere city
23%
4 Alderney city
14%
1 Guernsey city
5%
No matching quizzes found
Score Distribution
Percent of People with Each Score
Percentile by Number Answered
Your Score History
You have not taken this quiz